000
00241nam a2200097Ia 4500
001
643343
005
20250826153544.0
008
250824s9999 xx 000 0 und d
245
0
_a
MİNE KIZLAR YURDUNDA
_c
FATMA PEKŞEN
260
_b
GENÇ TİMAŞ
999
_c
643343
_d
643343